| 000 | 00000nam 2200000zi 4500 |
| 001 | 9.931294 |
| 003 | CaOODSP |
| 005 | 20231212121551 |
| 006 | m o d f |
| 007 | cr cn||||||||| |
| 008 | 231208s2022 onca o f000 0 eng d |
| 040 | |aCaOODSP|beng|erda|cCaOODSP |
| 043 | |an-cnm-- |
| 086 | 1 |aFs23-731/2022E-PDF |
| 245 | 00|aFood, social and ceremonial (FSC) fishery in Nova Scotia, New Brunswick and Prince Edward Island. |
| 264 | 1|a[Ottawa] : |bFisheries and Oceans Canada = Pêches et Océans Canada, |c[2022] |
| 300 | |a1 online resource (1 unnumbered page) : |billustrations |
| 336 | |atext|btxt|2rdacontent |
| 337 | |acomputer|bc|2rdamedia |
| 338 | |aonline resource|bcr|2rdacarrier |
| 500 | |aCaption title. |
| 500 | |aIssued also in French under title: La pêche à des fins alimentaires, sociales et rituelles (ASR) en Nouvelle-Écosse, au Nouveau-Brunswick et à l’Île-du-Prince Édouard. |
| 650 | 0|aIndigenous peoples|xFishing|xLaw and legislation|zMaritime Provinces. |
| 710 | 1 |aCanada. |bDepartment of Fisheries and Oceans, |eissuing body. |
| 775 | 08|tLa pêche à des fins alimentaires, sociales et rituelles (ASR) en Nouvelle-Écosse, au Nouveau-Brunswick et à l’Île-du-Prince Édouard.|w(CaOODSP)9.931295 |
| 856 | 40|qPDF|s589 KB|uhttps://publications.gc.ca/collections/collection_2023/mpo-dfo/Fs23-731-2022-eng.pdf |
| 856 | 4 |qHTML|sN/A|uhttps://www.dfo-mpo.gc.ca/about-notre-sujet/publications/infographics-infographies/FSC-ASR-eng.html |